Surveying sustainability (Record no. 107219)
[ view plain ]
| 000 -LEADER | |
|---|---|
| fixed length control field | 01074cad a22002655a 4500 |
| 001 - CONTROL NUMBER | |
| control field | L138664 |
| 008 - FIXED-LENGTH DATA ELEMENTS--GENERAL INFORMATION | |
| fixed length control field | 070702s2007 xxk f 000 0 eng d |
| 035 ## - SYSTEM CONTROL NUMBER | |
| System control number | (Sirsi) u138664 |
| 041 0# - LANGUAGE CODE | |
| Language code of text/sound track or separate title | eng |
| 050 04 - LIBRARY OF CONGRESS CALL NUMBER | |
| Classification number | 333.72 $2 18 |
| 100 1# - MAIN ENTRY--PERSONAL NAME | |
| Personal name | Fisher, Rachel |
| 245 00 - TITLE STATEMENT | |
| Title | Surveying sustainability |
| Remainder of title | a short guide for the property professional |
| 260 ## - PUBLICATION, DISTRIBUTION, ETC. | |
| Place of publication, distribution, etc. | London |
| Name of publisher, distributor, etc. | RICS |
| Date of publication, distribution, etc. | 2007 |
| 520 ## - SUMMARY, ETC. | |
| Summary, etc. | Written for surveyors, this guide illustrates the impacts of sustainability on the property lifecycle and explains how the concept of sustainability relates to the different areas of surveying practice. Also provides further sources of information on various apsects of sustainability and lists the main tools used in the UK and Europe. |
| 590 ## - LOCAL NOTE (RLIN) | |
| Local note | KA |
| 651 #4 - SUBJECT ADDED ENTRY--GEOGRAPHIC NAME | |
| Geographic name | International |
| 690 ## - LOCAL SUBJECT ADDED ENTRY--TOPICAL TERM (OCLC, RLIN) | |
| Topical term or geographic name as entry element | ENVIRONMENTAL AND LAND CONSULTANCY-SUSTAINABILITY |
| 700 1# - ADDED ENTRY--PERSONAL NAME | |
| Personal name | Coll, Liz |
| 700 1# - ADDED ENTRY--PERSONAL NAME | |
| Personal name | Pelly, Lorna |
| 700 1# - ADDED ENTRY--PERSONAL NAME | |
| Personal name | Percy, Jerry |
| 710 2# - ADDED ENTRY--CORPORATE NAME | |
| Corporate name or jurisdiction name as entry element | Royal Institution of Chartered Surveyors |
| 9 (RLIN) | 4900 |
| 710 2# - ADDED ENTRY--CORPORATE NAME | |
| Corporate name or jurisdiction name as entry element | Gleeds |
| 9 (RLIN) | 3285 |
| 710 2# - ADDED ENTRY--CORPORATE NAME | |
| Corporate name or jurisdiction name as entry element | Forum for the Future |
| 9 (RLIN) | 4135 |
| 942 ## - ADDED ENTRY ELEMENTS (KOHA) | |
| Suppress in OPAC | 0 |
| Source of classification or shelving scheme | Dewey Decimal Classification |
| Withdrawn status | Lost status | Source of classification or shelving scheme | Damaged status | Not for loan | Home library | Current library | Shelving location | Date acquired | Total Checkouts | Full call number | Barcode | Date last seen | Copy number | Price effective from | Koha item type | Date last checked out |
|---|---|---|---|---|---|---|---|---|---|---|---|---|---|---|---|---|
| Dewey Decimal Classification | London | London | RICS Boxes | 21/08/2007 | 2007/34 | 30076260 | 06/08/2019 | 1 | 06/08/2019 | Archive | ||||||
| Dewey Decimal Classification | London | London | RICS Boxes | 21/08/2007 | 2007/34 | 30076261 | 06/08/2019 | 2 | 06/08/2019 | Reference material | ||||||
| Dewey Decimal Classification | London | London | RICS Boxes | 21/08/2007 | 4 | 2007/34 | 30076262 | 06/08/2019 | 3 | 06/08/2019 | Book | 03/11/2009 |